[Event "ASKO Klubbmesterskap 2010"]
[Site "Oslo"]
[Date "2010.02.16"]
[Round "1"]
[White "Ali, Karim"]
[Black "Tveit, Geir"]
[Result "1-0"]
[WhiteElo "1633"]
[BlackElo "1475"]
[PlyCount "41"]
[EventDate "2010.06.01"]

1. e4 d5 2. exd5 Nf6 3. d4 Bg4 4. Nf3 Qxd5 5. Be2 e6 6. c4 Qh5 7. Qb3 b6 8. Nc3
Nbd7 9. Bf4 Bd6 10. Bxd6 cxd6 11. Nb5 O-O 12. Nxd6 e5 13. dxe5 Nxe5 14. Rd1
Rad8 15. Ng1 Rd7 16. f3 Rfd8 17. fxg4 Nexg4 18. Qg3 Re7 19. Rd2 Qc5 20. Ne4
Rxd2 21. Nxc5 1-0

[Event "ASKO Klubbmesterskap 2010"]
[Site "Oslo"]
[Date "2010.02.16"]
[Round "1"]
[White "Briseid, Håkon"]
[Black "Søreng, Eirik"]
[Result "1-0"]
[WhiteElo "1992"]
[BlackElo "1605"]
[PlyCount "67"]
[EventDate "2010.06.01"]

1. d4 Nf6 2. c4 e6 3. Nc3 Bb4 4. f3 d5 5. a3 Bxc3+ 6. bxc3 c5 7. cxd5 exd5 8.
e3 O-O 9. Bd3 Re8 10. Ne2 Nc6 11. O-O Bd7 12. Ng3 Qa5 13. Bd2 c4 14. Bc2 Re7
15. e4 dxe4 16. fxe4 Bg4 17. Qe1 Rae8 18. Qf2 Nh5 19. e5 Nxg3 20. Qxg3 Bh5 21.
Bg5 Rc7 22. Bf4 Rce7 23. h4 Bg6 24. Bxg6 hxg6 25. h5 Re6 26. h6 Qd5 27. hxg7
Kxg7 28. Bg5 Rg8 29. Qh4 Kf8 30. Rxf7+ Kxf7 31. Qh7+ Ke8 32. Qxg8+ Kd7 33. Rf1
Kc7 34. Qg7+ 1-0

[Event "ASKO Klubbmesterskap 2010"]
[Site "Oslo"]
[Date "2010.02.16"]
[Round "1"]
[White "Hjelle, Øyvind"]
[Black "Skrondal, Inge Sandstad"]
[Result "0-1"]
[WhiteElo "1416"]
[BlackElo "2241"]
[PlyCount "68"]
[EventDate "2010.06.01"]

1. d4 Nf6 2. c4 g6 3. Nf3 Bg7 4. Nc3 O-O 5. Bg5 d6 6. e4 h6 7. Bh4 a6 8. Be2 c6
9. Qd2 Kh7 10. Rd1 b5 11. e5 Ne8 12. b3 Bf5 13. Qe3 d5 14. h3 dxc4 15. bxc4 Nc7
16. g4 Be6 17. d5 cxd5 18. cxd5 Nxd5 19. Nxd5 Bxd5 20. Qd2 Bxf3 21. Qb4 Qxd1+
22. Bxd1 Bxh1 23. f3 Nc6 24. Qc5 Nxe5 25. Qe3 Rfd8 26. Be2 Rac8 27. Bg3 Nd3+
28. Bxd3 Rc3 29. Bxg6+ fxg6 30. Qxe7 Rd5 31. Bf4 Rxf3 32. Qf7 Rd4 33. Qxg7+
Kxg7 34. Be5+ Kh7 0-1

[Event "ASKO Klubbmesterskap 2010"]
[Site "Oslo"]
[Date "2010.02.16"]
[Round "1"]
[White "Hole, Øystein"]
[Black "Johansen, Pål H."]
[Result "1-0"]
[WhiteElo "2369"]
[BlackElo "1596"]
[PlyCount "89"]
[EventDate "2010.06.01"]

1. Nf3 d6 2. d4 Nf6 3. c4 g6 4. Nc3 Bg7 5. e4 O-O 6. Be2 c5 7. O-O Nc6 8. d5
Nb4 9. a3 Na6 10. Bd2 Bg4 11. Ne1 Bxe2 12. Qxe2 e5 13. Nd3 Qd7 14. b4 Rac8 15.
bxc5 Nxc5 16. Nxc5 dxc5 17. Rab1 Ne8 18. Nb5 a6 19. Nc3 Nd6 20. Rb6 f5 21. f3
f4 22. Rfb1 Rf6 23. Be1 g5 24. Bf2 Rc7 25. g4 h5 26. h3 hxg4 27. hxg4 Rh6 28.
Kg2 Bf8 29. Qa2 Qh7 30. Rg1 Rh3 31. Qe2 Be7 32. Rbb1 Ne8 33. Rh1 Rh6 34. Rxh6
Qxh6 35. Qb2 Bd6 36. Rh1 Qg6 37. Qb6 Qf6 38. Na4 Qe7 39. Rh6 Kf7 40. Re6 Qf8
41. Kg1 Kg7 42. Nb2 Rd7 43. Nd3 Kh7 44. Nxc5 Rd8 45. Qxd8 1-0

[Event "ASKO Klubbmesterskap 2010"]
[Site "Oslo"]
[Date "2010.02.23"]
[Round "1"]
[White "Knudsen, Henning A."]
[Black "Chikwati, Elvis"]
[Result "1-0"]
[WhiteElo "1233"]
[BlackElo "1361"]
[PlyCount "65"]
[EventDate "2010.06.01"]

1. Nf3 Nc6 2. d4 e6 3. c4 Nf6 4. g3 b6 5. Bg2 Bb7 6. O-O Be7 7. Qa4 O-O 8. Ne5
Na5 9. Bxb7 Nxb7 10. Bg5 c6 11. Nc3 Nd6 12. d5 exd5 13. cxd5 Nxd5 14. Bxe7 Nxe7
15. Rad1 Qc7 16. Qc2 Rad8 17. Rd3 Ndf5 18. Nf3 Rfe8 19. Rfd1 Qb7 20. e4 Nh6 21.
Ne5 d5 22. exd5 cxd5 23. Qb3 d4 24. Rxd4 Rxd4 25. Rxd4 Nc6 26. Qb5 Rxe5 27.
Qxe5 g6 28. Qe8+ Kg7 29. Rd7 Qa6 30. Rd6 Nf5 31. Rxc6 Qd3 32. Qe4 Qd2 33. Qe5+
1-0

[Event "ASKO Klubbmesterskap 2010"]
[Site "Oslo"]
[Date "2010.02.16"]
[Round "1"]
[White "Valle, Stian"]
[Black "Flügel, Stefan"]
[Result "0-1"]
[WhiteElo "1237"]
[BlackElo "1683"]
[PlyCount "96"]
[EventDate "2010.06.01"]

1. e4 c6 2. d4 d5 3. e5 Bf5 4. Nf3 e6 5. c3 c5 6. Bd3 Bxd3 7. Qxd3 Nc6 8. O-O
cxd4 9. cxd4 Nb4 10. Qb3 Rc8 11. Nc3 Qd7 12. Bd2 Nh6 13. a3 Nc6 14. Nb5 a6 15.
Nd6+ Bxd6 16. exd6 Nf5 17. Ne5 Qxd6 18. Qxb7 O-O 19. Nxf7 Qc7 20. Qxc7 Rxc7 21.
Ng5 Nfxd4 22. Rae1 e5 23. f3 h6 24. Nh3 Nb3 25. Bb4 Nxb4 26. axb4 Re8 27. Re3
Nd4 28. Nf4 Nf5 29. Nxd5 Rd7 30. Rd3 Nd4 31. Rxd4 exd4 32. Nf4 d3 33. Rd1 Rd4
34. g3 g5 35. Nh3 Re2 36. Nf2 Rxb2 37. Rxd3 Rbxb4 38. Ra3 Ra4 39. Rc3 Rdc4 40.
Ne4 Rxc3 41. Nxc3 Ra3 42. Nd5 Rxf3 43. Kg2 Rf8 44. Kh3 h5 45. Nb6 Kg7 46. Nc4
Kh6 47. Kg2 g4 48. h3 Rc8 0-1

[Event "ASKO Klubbmesterskap 2010"]
[Site "Oslo"]
[Date "2010.02.16"]
[Round "1"]
[White "Øhman, Kjell Tage"]
[Black "Paulshus, Anders"]
[Result "0-1"]
[WhiteElo "1659"]
[BlackElo "1228"]
[PlyCount "68"]
[EventDate "2010.06.01"]

1. Nf3 Nc6 2. d4 d5 3. c4 Bg4 4. Nc3 Nf6 5. Bf4 Bxf3 6. gxf3 a6 7. e4 e6 8.
cxd5 exd5 9. e5 Nh5 10. Be3 Bb4 11. f4 Qh4 12. Qf3 g5 13. Qxd5 Nxf4 14. Qf3
O-O-O 15. O-O-O Bxc3 16. bxc3 Nd5 17. Bd2 g4 18. Qe4 Qe7 19. Qxg4+ Kb8 20. Kb2
Ndb4 21. Bg5 Nxe5 22. dxe5 Qc5 23. Rxd8+ Rxd8 24. Bxd8 Qxf2+ 25. Qe2 Nd3+ 26.
Ka1 Qf4 27. Qd2 Ne1 28. Qb2 Qe4 29. Bxa6 Nc2+ 30. Kb1 Na3+ 31. Kc1 Qxh1+ 32.
Kd2 Qxh2+ 33. Kc1 Qg1+ 34. Kd2 Qf2+ 0-1

[Event "ASKO Klubbmesterskap 2010"]
[Site "Oslo"]
[Date "2010.03.02"]
[Round "2"]
[White "Erikstad, Olav"]
[Black "Knudsen, Henning A."]
[Result "1-0"]
[WhiteElo "1644"]
[BlackElo "1233"]
[PlyCount "99"]
[EventDate "2010.06.01"]

1. e4 e5 2. Nf3 Nf6 3. Nxe5 d6 4. Nf3 Nxe4 5. c3 Nc6 6. d4 d5 7. Bd3 Bd6 8.
Nbd2 Qe7 9. O-O Nxd2 10. Bxd2 O-O 11. Re1 Qd8 12. Bg5 Be7 13. Bf4 Be6 14. Qd2
Bg4 15. Re3 Bd6 16. Bxd6 Qxd6 17. Qe2 f5 18. Re6 Bxf3 19. gxf3 Qf4 20. Bb5 Nd8
21. Re8 Nf7 22. Re1 Ng5 23. Rxf8+ Rxf8 24. Kg2 c6 25. Ba4 Qh4 26. Bd1 Rf6 27.
Qe5 Qh3+ 28. Kh1 Nxf3 29. Qe8+ Rf8 30. Qe6+ Rf7 31. Bxf3 Qxf3+ 32. Kg1 Qg4+ 33.
Kf1 Qh3+ 34. Ke2 Qh4 35. Kd1 Qd8 36. Rg1 g6 37. Re1 Kf8 38. Qe5 Qf6 39. Qb8+
Kg7 40. Re8 Rf8 41. Rxf8 Qxf8 42. Qxb7+ Qf7 43. Qxc6 g5 44. Kd2 g4 45. a4 h5
46. a5 h4 47. a6 f4 48. Qd6 g3 49. fxg3 f3 50. Qf4 1-0

[Event "ASKO Klubbmesterskap 2010"]
[Site "Oslo"]
[Date "2010.03.02"]
[Round "2"]
[White "Flügel, Stefan"]
[Black "Briseid, Håkon"]
[Result "0-1"]
[WhiteElo "1683"]
[BlackElo "1992"]
[PlyCount "116"]
[EventDate "2010.06.01"]

1. Nc3 c5 2. g4 d5 3. Bg2 e6 4. e4 d4 5. Nce2 e5 6. Ng3 d3 7. cxd3 Nc6 8. Bf1
Nb4 9. d4 Qxd4 10. Nf3 Bxg4 11. Bb5+ Kd8 12. Nxd4 Bxd1 13. Kxd1 cxd4 14. a3 Nc6
15. d3 Nf6 16. Bg5 Be7 17. Nf5 Ng4 18. Nxe7 Nxe7 19. Ke2 f6 20. Bd2 h5 21. h3
Nh6 22. Rhg1 g5 23. Rac1 Rc8 24. Ba5+ b6 25. Bb4 Rh7 26. Rc4 Rxc4 27. Bxc4 Nc6
28. Bf8 Nf7 29. h4 Ke8 30. hxg5 fxg5 31. Bb5 Kxf8 32. Bxc6 h4 33. Bd7 Ke7 34.
Bh3 Rg7 35. f3 Nd8 36. Rc1 Ne6 37. Bxe6 Kxe6 38. Rc6+ Kf7 39. Kf2 Rh7 40. Kg2
Rh8 41. Kh3 Re8 42. Kg4 Re6 43. Rc8 Rf6 44. b4 Rf4+ 45. Kxg5 Rxf3 46. a4 Rxd3
47. Kf5 Rf3+ 48. Kxe5 d3 49. Rc7+ Kg6 50. Rc1 d2 51. Rd1 Rd3 52. Rg1+ Kf7 53.
Rf1+ Ke7 54. Rd1 h3 55. Kf4 h2 56. a5 bxa5 57. e5 h1=Q 58. Rxh1 d1=Q 0-1

[Event "ASKO Klubbmesterskap 2010"]
[Site "Oslo"]
[Date "2010.03.02"]
[Round "2"]
[White "Johansen, Pål H."]
[Black "Valle, Stian"]
[Result "0-1"]
[WhiteElo "1596"]
[BlackElo "1237"]
[PlyCount "59"]
[EventDate "2010.06.01"]

1. d4 d5 2. c4 dxc4 3. e3 Nf6 4. Bxc4 Nc6 5. Nf3 e5 6. dxe5 Qxd1+ 7. Kxd1 Ng4
8. Ke2 Ngxe5 9. Nxe5 Nxe5 10. Bb3 Bf5 11. Rd1 Be4 12. f3 Bc6 13. Nc3 Bd6 14. e4
O-O 15. Be3 b5 16. Bd5 b4 17. Bxc6 Nxc6 18. Nb5 Bxh2 19. Rac1 a6 20. Nxc7 Bxc7
21. Rxc6 Be5 22. Bd4 Rfe8 23. Rc5 Bf4 24. Kd3 Re6 25. Kc4 Rg6 26. g4 Rh6 27.
Kxb4 Bd6 28. Be5 Bxc5+ 29. Kxc5 Re8 30. a4 0-1

[Event "ASKO Klubbmesterskap 2010"]
[Site "Oslo"]
[Date "2010.03.02"]
[Round "2"]
[White "Paulshus, Anders"]
[Black "Ali, Karim"]
[Result "1/2-1/2"]
[WhiteElo "1228"]
[BlackElo "1633"]
[PlyCount "88"]
[EventDate "2010.06.01"]

1. e4 e5 2. f4 exf4 3. Nf3 d5 4. exd5 Nf6 5. Bc4 c6 6. dxc6 Nxc6 7. d4 Bd6 8.
Qe2+ Qe7 9. Qxe7+ Kxe7 10. O-O Bg4 11. c3 Bxf3 12. Rxf3 g5 13. b3 Rac8 14. Ba3
Na5 15. Bxd6+ Kxd6 16. Nd2 Rhe8 17. Bxf7 Re7 18. Bc4 Nxc4 19. Nxc4+ Kd5 20. h3
b5 21. Nd2 Re3 22. Rc1 Ne4 23. Nxe4 Kxe4 24. Kf2 b4 25. c4 Rxf3+ 26. gxf3+ Kxd4
27. Rd1+ Kc3 28. Rd7 a5 29. Rd5 a4 30. bxa4 Rxc4 31. a5 Rc6 32. Rxg5 Kb2 33.
Rb5 Ka3 34. Ke2 Ka4 35. Rb6 Rc2+ 36. Kd3 Rc3+ 37. Ke4 Kxa5 38. Rb7 Rc4+ 39. Kf5
Ka6 40. Rxh7 Rc5+ 41. Kxf4 Ra5 42. Rh8 Kb7 43. Rh7+ Kc8 44. Rh8+ Kc7 1/2-1/2

[Event "ASKO Klubbmesterskap 2010"]
[Site "Oslo"]
[Date "2010.03.03"]
[Round "2"]
[White "Skrondal, Inge Sandstad"]
[Black "Hole, Øystein"]
[Result "1/2-1/2"]
[WhiteElo "2241"]
[BlackElo "2369"]
[PlyCount "31"]
[EventDate "2010.06.01"]

1. Nf3 d5 2. d4 Nf6 3. c4 c6 4. cxd5 cxd5 5. Nc3 Nc6 6. Bf4 a6 7. Rc1 Bf5 8. e3
e6 9. Be2 Bd6 10. Bxd6 Qxd6 11. O-O O-O 12. Na4 Rac8 13. Nc5 Rc7 14. a3 Ra8 15.
Nh4 Bg6 16. Nxg6 1/2-1/2

[Event "ASKO Klubbmesterskap 2010"]
[Site "Oslo"]
[Date "2010.03.02"]
[Round "2"]
[White "Søreng, Eirik"]
[Black "Einarsen, Kenneth"]
[Result "0-1"]
[WhiteElo "1605"]
[BlackElo "1876"]
[PlyCount "84"]
[EventDate "2010.06.01"]

1. c4 c6 2. Nf3 d5 3. d4 Nf6 4. g3 dxc4 5. a4 Bf5 6. Bg2 Nbd7 7. O-O e6 8. Nfd2
e5 9. Nxc4 exd4 10. Qxd4 Nb6 11. Qf4 Be6 12. Nxb6 axb6 13. Nc3 Bd6 14. Qg5 O-O
15. Rd1 Qc7 16. Qh4 Ra5 17. Bg5 Be7 18. Rac1 h6 19. Bf4 Qc8 20. Bd6 Rh5 21. Qb4
Bxd6 22. Qxd6 Bh3 23. Bf3 Bg4 24. Bg2 Re8 25. Rd2 Rhe5 26. Qb4 Qf5 27. Qxb6
Bxe2 28. Nxe2 Rxe2 29. Rxe2 Rxe2 30. Qd8+ Kh7 31. Qd4 g6 32. h3 Ne4 33. Bxe4
Rxe4 34. Qb6 h5 35. h4 g5 36. hxg5 h4 37. Kg2 hxg3 38. Qc5 Qxc5 39. Rxc5 gxf2
40. Kxf2 Rxa4 41. Rc3 Rb4 42. b3 Kg6 0-1

[Event "ASKO Klubbmesterskap 2010"]
[Site "Oslo"]
[Date "2010.03.02"]
[Round "2"]
[White "Tveit, Geir"]
[Black "Hjelle, Øyvind"]
[Result "1-0"]
[WhiteElo "1475"]
[BlackElo "1416"]
[PlyCount "117"]
[EventDate "2010.06.01"]

1. d4 Nf6 2. Bf4 e6 3. e3 d5 4. Bd3 Nc6 5. c3 Bd7 6. Nd2 Be7 7. Ngf3 a5 8. Qc2
h6 9. e4 dxe4 10. Nxe4 Nxe4 11. Bxe4 f5 12. Bd3 O-O 13. Ne5 Nxe5 14. Bxe5 Bc6
15. Qe2 Bf6 16. O-O Re8 17. Bb5 Bxe5 18. Qxe5 Qd7 19. Bxc6 Qxc6 20. Rfe1 b6 21.
Re3 Rad8 22. Rg3 Re7 23. Re1 Kh8 24. Rg6 Rd5 25. Rxh6+ Kg8 26. Qg3 Qd7 27. Qg6
e5 28. Qh7+ Kf8 29. Rg6 Rf7 30. Qh8+ Ke7 31. Rxg7 e4 32. Rxf7+ Kxf7 33. Qh7+
Ke6 34. Qxd7+ Rxd7 35. f3 Kd5 36. Kf2 Rf7 37. fxe4+ fxe4+ 38. Ke3 Rh7 39. h3
Rg7 40. Re2 c5 41. dxc5 bxc5 42. g4 Rh7 43. Rh2 Rf7 44. Rf2 Rh7 45. Rf5+ Kc4
46. b3+ Kxc3 47. Rxc5+ Kb4 48. Rc4+ Ka3 49. Ra4+ Kb2 50. Kxe4 Rxh3 51. Rxa5 Kc3
52. Kf5 Kb4 53. Ra4+ Kc5 54. g5 Kd6 55. Kf6 Rf3+ 56. Kg7 Ke7 57. g6 Ke8 58. Ra7
Rf2 59. b4 1-0

[Event "ASKO Klubbmesterskap 2010"]
[Site "Oslo"]
[Date "2010.03.09"]
[Round "3"]
[White "Hjelle, Øyvind"]
[Black "Chikwati, Elvis"]
[Result "1-0"]
[WhiteElo "1416"]
[BlackElo "1361"]
[PlyCount "127"]
[EventDate "2010.06.01"]

1. e4 c6 2. d4 d5 3. exd5 cxd5 4. Nf3 Nf6 5. c4 Bg4 6. cxd5 Nxd5 7. Nc3 Nc6 8.
Bb5 e6 9. h3 Bh5 10. g4 Bg6 11. Ne5 Nxc3 12. bxc3 Qd5 13. Bxc6+ bxc6 14. O-O
Bd6 15. c4 Qe4 16. Re1 Qc2 17. Qf3 O-O 18. Qxc6 Bb4 19. Nxg6 hxg6 20. Qe4 Qxc4
21. Rd1 f5 22. Qd3 Qd5 23. Qb3 fxg4 24. Qxd5 exd5 25. hxg4 Rae8 26. Be3 Re4 27.
Rab1 Rxg4+ 28. Kf1 Bd6 29. Rb7 Re4 30. Ke2 a5 31. Rg1 Kh7 32. Rb5 Bb4 33. Rxd5
Rfe8 34. Kd3 R4e6 35. Rg3 Rc8 36. Bd2 Rd6 37. Rxd6 Bxd6 38. Rh3+ Kg8 39. Re3
Kf7 40. Rf3+ Ke6 41. Bf4 Be7 42. Rg3 Kf5 43. Bd2 Bd6 44. Rg5+ Kf6 45. Rxa5 Kf7
46. Ra7+ Kg8 47. Ra6 Bf8 48. a4 Kf7 49. a5 Rb8 50. Rb6 Ra8 51. a6 Be7 52. Be3
Ke8 53. Rxg6 Bf6 54. Rg4 Rxa6 55. Bg5 Ra3+ 56. Ke2 Ra2+ 57. Kf3 Ra3+ 58. Be3
Ke7 59. Re4+ Kf7 60. Kg4 Ra1 61. Rf4 Ke6 62. Kf3 Ra4 63. d5+ Kxd5 64. Rxa4 1-0

[Event "ASKO Klubbmesterskap 2010"]
[Site "Oslo"]
[Date "2010.04.06"]
[Round "3"]
[White "Hole, Øystein"]
[Black "Paulshus, Anders"]
[Result "1-0"]
[WhiteElo "2369"]
[BlackElo "1228"]
[PlyCount "47"]
[EventDate "2010.06.01"]

1. Nf3 Nc6 2. d4 d5 3. c4 Bg4 4. Nc3 e6 5. Bf4 Bb4 6. e3 Nf6 7. h3 Ne4 8. hxg4
Nxc3 9. bxc3 Bxc3+ 10. Nd2 Bxa1 11. Qxa1 Nb4 12. Qb1 a5 13. a3 Na6 14. Qxb7 O-O
15. cxd5 Nb4 16. axb4 axb4 17. Bd3 Ra1+ 18. Bb1 exd5 19. Ke2 g6 20. Qxb4 Qf6
21. Be5 Qg5 22. Rxh7 Qxg4+ 23. Nf3 Qc8 24. Rh8# 1-0

[Event "ASKO Klubbmesterskap 2010"]
[Site "Oslo"]
[Date "2010.03.16"]
[Round "3"]
[White "Johansen, Pål H."]
[Black "Søreng, Eirik"]
[Result "1-0"]
[WhiteElo "1596"]
[BlackElo "1605"]
[PlyCount "71"]
[EventDate "2010.06.01"]

1. e4 e5 2. Nf3 Nc6 3. Bc4 Nf6 4. d3 Be7 5. O-O O-O 6. c3 d6 7. Bb3 Bg4 8. Nbd2
Na5 9. Bc2 Re8 10. Qe1 Nh5 11. h3 Bd7 12. d4 Bb5 13. dxe5 Bxf1 14. Qxf1 dxe5
15. Nxe5 Bd6 16. Nd3 Qh4 17. e5 Bf8 18. g4 Rad8 19. Nf3 Qe7 20. gxh5 f6 21. Qg2
Kh8 22. Bf4 Nc6 23. Kh1 Qf7 24. Rg1 Qxh5 25. exf6 g6 26. Ng5 Rd7 27. Nc5 Bxc5
28. f7 Re2 29. Be4 Rxf2 30. Bxc6 Rxf4 31. Bxd7 h6 32. Qxb7 hxg5 33. Qa8+ Kg7
34. Qg8+ Kf6 35. f8=Q+ Bxf8 36. Qxf8+ 1-0

[Event "ASKO Klubbmesterskap 2010"]
[Site "Oslo"]
[Date "2010.03.09"]
[Round "3"]
[White "Knudsen, Henning A."]
[Black "Flügel, Stefan"]
[Result "0-1"]
[WhiteElo "1233"]
[BlackElo "1683"]
[PlyCount "56"]
[EventDate "2010.06.01"]

1. Nf3 d5 2. g3 Nc6 3. d4 Bg4 4. Bg2 Qd7 5. O-O Nf6 6. Nc3 O-O-O 7. a3 Ne4 8.
Qd3 Bf5 9. Qe3 f6 10. b4 e6 11. Bb2 g5 12. Nxe4 Bxe4 13. Nd2 Bxg2 14. Kxg2 h5
15. Nb3 Bd6 16. b5 Ne7 17. a4 Nf5 18. Qd3 h4 19. Ba3 hxg3 20. fxg3 Qh7 21. Kf2
Qxh2+ 22. Ke1 Qxg3+ 23. Qxg3 Bxg3+ 24. Kd2 Bf4+ 25. Kd3 Rh3+ 26. Rf3 g4 27.
Rxh3 gxh3 28. Be7 Nxe7 0-1

[Event "ASKO Klubbmesterskap 2010"]
[Site "Oslo"]
[Date "2010.04.13"]
[Round "3"]
[White "Valle, Stian"]
[Black "Tveit, Geir"]
[Result "1/2-1/2"]
[WhiteElo "1237"]
[BlackElo "1475"]
[PlyCount "99"]
[EventDate "2010.06.01"]

1. e4 d5 2. exd5 Nf6 3. d4 Bg4 4. Nf3 Qxd5 5. Nc3 Qh5 6. Bf4 c6 7. Bc4 Bxf3 8.
Qxf3 Qxf3 9. gxf3 e6 10. Ne4 Nbd7 11. Nd6+ Bxd6 12. Bxd6 O-O-O 13. Be7 Rde8 14.
Bb4 Nd5 15. Bd2 e5 16. Bxd5 exd4+ 17. Kf1 cxd5 18. Rg1 g6 19. Rg4 Ne5 20. Rxd4
Nxf3 21. Rxd5 Nxd2+ 22. Rxd2 Re7 23. Rad1 Rhe8 24. Rd3 f5 25. Rc3+ Rc7 26.
Rxc7+ Kxc7 27. Rd3 Re6 28. Ra3 a6 29. Rd3 b5 30. f3 f4 31. c4 Kb6 32. Rd4 g5
33. cxb5 axb5 34. Rd2 h6 35. Kg2 b4 36. Kh3 Kc5 37. Kg4 Kc4 38. h4 Re3 39. hxg5
hxg5 40. Rf2 Re5 41. Rh2 Kd3 42. Rh5 Ke3 43. a4 bxa3 44. bxa3 Ra5 45. a4 Rxa4
46. Rxg5 Ra8 47. Re5+ Kf2 48. Kxf4 Rf8+ 49. Ke4 Rxf3 50. Rf5 1/2-1/2

[Event "ASKO Klubbmesterskap 2010"]
[Site "Oslo"]
[Date "2010.03.09"]
[Round "3"]
[White "Øhman, Kjell Tage"]
[Black "Liabøtrø, Ola"]
[Result "1/2-1/2"]
[WhiteElo "1659"]
[BlackElo "1500"]
[PlyCount "96"]
[EventDate "2010.06.01"]

1. Nf3 Nf6 2. d4 e6 3. c4 b6 4. a3 Bb7 5. Nc3 Be7 6. Qc2 c5 7. e4 cxd4 8. Nxd4
d6 9. Be2 O-O 10. O-O Nc6 11. Be3 Nxd4 12. Bxd4 Qc7 13. Rad1 Rac8 14. b4 d5 15.
exd5 exd5 16. Bxf6 Bxf6 17. Nxd5 Qe5 18. Bf3 Bxd5 19. Bxd5 Rfd8 20. Qb3 Rc7 21.
Rfe1 Qf5 22. Qe3 Re7 23. Qb3 Re5 24. Rxe5 Qxe5 25. c5 Qc7 26. c6 Kf8 27. b5 Be5
28. g3 Bd6 29. Rd3 f6 30. Be6 Re8 31. Qd5 Rd8 32. Bd7 Bc5 33. Qh5 h6 34. a4 Bd6
35. Qd5 Bc5 36. Rd2 g6 37. h4 Qxg3+ 38. Qg2 Qe5 39. Rd5 Qf4 40. Rd3 g5 41. hxg5
hxg5 42. Qf3 Bd6 43. Qxf4 Bxf4 44. Rf3 Be5 45. Kg2 Ke7 46. Rd3 Bc7 47. Kf3 Rh8
48. Re3+ Kd8 1/2-1/2

[Event "ASKO Klubbmesterskap 2010"]
[Site "Oslo"]
[Date "2010.03.23"]
[Round "4"]
[White "Einarsen, Kenneth"]
[Black "Briseid, Håkon"]
[Result "1-0"]
[WhiteElo "1876"]
[BlackElo "1992"]
[PlyCount "87"]
[EventDate "2010.06.01"]

1. e4 c5 2. d4 cxd4 3. c3 dxc3 4. Nxc3 Nc6 5. Nf3 e6 6. Bc4 a6 7. O-O d6 8. Qe2
Nf6 9. Rd1 Qc7 10. Bf4 Be7 11. Rac1 O-O 12. Bb3 Qb8 13. Na4 b5 14. Rxc6 bxa4
15. Bxa4 Bd7 16. Rc4 Bb5 17. Bxb5 axb5 18. Rb4 Rxa2 19. Rxb5 Qc7 20. Rc1 Qd7
21. e5 Nd5 22. Bg3 Rfa8 23. h3 f6 24. exd6 Bxd6 25. Nd4 Bxg3 26. fxg3 Nc3 27.
Rxc3 Qxd4+ 28. Kh2 e5 29. Rc7 Ra1 30. g4 Qf4+ 31. g3 Qd4 32. Qg2 R1a7 33. Rd5
Qa4 34. Rdd7 Qa2 35. Rxg7+ Kf8 36. Qf2 Rxc7 37. Rxc7 Qe6 38. g5 f5 39. Rxh7 Kg8
40. Rh6 Qb3 41. Rb6 Qd3 42. Rg6+ Kh7 43. Rf6 Rb8 44. Qa7+ 1-0

[Event "ASKO Klubbmesterskap 2010"]
[Site "Oslo"]
[Date "2010.03.23"]
[Round "4"]
[White "Flügel, Stefan"]
[Black "Hole, Øystein"]
[Result "0-1"]
[WhiteElo "2369"]
[BlackElo "1683"]
[PlyCount "54"]
[EventDate "2010.06.01"]

1. e4 c6 2. c4 d5 3. cxd5 cxd5 4. Nc3 dxe4 5. d3 Nc6 6. Be3 exd3 7. Bxd3 Nf6 8.
Qe2 g6 9. Nf3 Bg7 10. h3 O-O 11. O-O Nd5 12. Nxd5 Qxd5 13. Bc4 Qa5 14. Rfd1 Ne5
15. Nxe5 Qxe5 16. Rac1 Bf5 17. Rd5 Qxb2 18. Qf3 a6 19. Rxf5 gxf5 20. Qxf5 e6
21. Qe4 Rac8 22. Rd1 Qb4 23. Rd4 Rfd8 24. Qg4 Rxd4 25. Bxd4 Qb1+ 26. Bf1 Qg6
27. Qd1 Rd8 0-1

[Event "ASKO Klubbmesterskap 2010"]
[Site "Oslo"]
[Date "2010.03.23"]
[Round "4"]
[White "Hjelle, Øyvind"]
[Black "Johansen, Pål H."]
[Result "0-1"]
[WhiteElo "1416"]
[BlackElo "1596"]
[PlyCount "116"]
[EventDate "2010.06.01"]

1. e4 c5 2. Nf3 Nc6 3. d4 cxd4 4. Nxd4 Nf6 5. Nc3 e5 6. Ndb5 d6 7. Nd5 Nxd5 8.
exd5 Nb8 9. c4 Be7 10. Bd3 O-O 11. O-O f5 12. f4 a6 13. Nc3 e4 14. Be2 Bf6 15.
Qb3 Nd7 16. Be3 b6 17. Rad1 Nc5 18. Qc2 Bd7 19. Rd2 Rc8 20. b4 Nb7 21. Na4 Bxa4
22. Qxa4 a5 23. Rb1 Bc3 24. Rc2 axb4 25. Qb5 Ra8 26. Bxb6 Qe8 27. Bc7 Qxb5 28.
cxb5 Rfc8 29. b6 Ra5 30. Kf1 Rca8 31. Bc4 Rc5 32. Bb3 Kf7 33. h3 h5 34. Re2 h4
35. Rc1 Kf6 36. Rec2 g5 37. Rf2 gxf4 38. Rxf4 Kg5 39. Rf2 f4 40. Rcc2 Kf5 41.
Ke2 Ke5 42. Rc1 Na5 43. Ba4 Rxd5 44. Kf1 Rc5 45. Rxf4 Nb7 46. Rxh4 Rxa4 47.
Rh5+ Ke6 48. Rh6+ Kd7 49. Rc2 Ra8 50. Rf2 e3 51. Rf7+ Kc6 52. Re7 Rxa2 53. Rhe6
Rf5+ 54. Kg1 Ra1+ 55. Kh2 Be5+ 56. Rxe5 Rxe5 57. Rxe5 dxe5 58. Bxe5 e2 0-1

[Event "ASKO Klubbmesterskap 2010"]
[Site "Oslo"]
[Date "2010.04.13"]
[Round "4"]
[White "Liabøtrø, Ola"]
[Black "Knudsen, Henning A."]
[Result "1-0"]
[WhiteElo "1500"]
[BlackElo "1233"]
[PlyCount "67"]
[EventDate "2010.06.01"]

1. e4 e5 2. Nf3 Nc6 3. d4 exd4 4. Nxd4 Nxd4 5. Qxd4 d6 6. Nc3 c6 7. Bf4 Qf6 8.
Qxf6 Nxf6 9. O-O-O Ng4 10. Bg3 Ne5 11. Be2 Be6 12. f4 f6 13. fxe5 fxe5 14. Bh4
Be7 15. Bxe7 Kxe7 16. Rhf1 h5 17. b3 h4 18. Bc4 Bxc4 19. bxc4 b6 20. Rf3 Rhf8
21. Rdf1 Rxf3 22. Rxf3 Rf8 23. Rxf8 Kxf8 24. Kd2 a6 25. Ke3 Ke7 26. Kf3 Kf6 27.
Kg4 b5 28. cxb5 axb5 29. Kxh4 b4 30. Nb1 d5 31. exd5 cxd5 32. Kg4 d4 33. Kf3 g5
34. Ke4 1-0

[Event "ASKO Klubbmesterskap 2010"]
[Site "Oslo"]
[Date "2010.03.23"]
[Round "4"]
[White "Paulshus, Anders"]
[Black "Erikstad, Olav"]
[Result "0-1"]
[WhiteElo "1228"]
[BlackElo "1644"]
[PlyCount "40"]
[EventDate "2010.06.01"]

1. e4 d5 2. exd5 Nf6 3. Nc3 Nxd5 4. Nxd5 Qxd5 5. d4 Nc6 6. Nf3 Bg4 7. Be2 O-O-O
8. c4 Qf5 9. Bd3 Qh5 10. d5 Bxf3 11. gxf3 Nd4 12. Be4 e5 13. Be3 Bb4+ 14. Kf1
Qh3+ 15. Kg1 Bc5 16. Bxd4 Bxd4 17. Qf1 Qh5 18. Qg2 f5 19. Bc2 Rd6 20. Bxf5+
Qxf5 0-1

[Event "ASKO Klubbmesterskap 2010"]
[Site "Oslo"]
[Date "2010.03.23"]
[Round "4"]
[White "Søreng, Eirik"]
[Black "Chikwati, Elvis"]
[Result "0-1"]
[WhiteElo "1605"]
[BlackElo "1366"]
[PlyCount "121"]
[EventDate "2010.06.01"]

1. e4 c6 2. c4 d5 3. exd5 cxd5 4. cxd5 Qxd5 5. Nc3 Qd8 6. Nf3 Nf6 7. Bc4 e6 8.
O-O Be7 9. d4 Nc6 10. Bf4 a6 11. a4 O-O 12. h3 Qb6 13. Qd2 Rd8 14. Rfd1 Na5 15.
Ba2 Nb3 16. a5 Qb4 17. Bxb3 Qxb3 18. Bc7 Rd7 19. Bb6 Nd5 20. Na4 Bb4 21. Qg5 h6
22. Qc1 Rd6 23. Nc5 Bxc5 24. dxc5 Rc6 25. Ra3 Qb5 26. Nd4 Qb4 27. Nxc6 bxc6 28.
Rad3 Qe4 29. Rd4 Qf5 30. Rg4 e5 31. Rg3 Kh8 32. Qc4 Be6 33. Qa4 Bd7 34. Kh2 f6
35. Rf3 Qe6 36. Qh4 e4 37. Rg3 Re8 38. Re1 Kh7 39. f4 e3 40. Rf3 Qe4 41. Re2 g5
42. Qh5 Nxf4 43. Qf7+ Kh8 44. Rexe3 Qxe3 45. Rxe3 Rxe3 46. Qxd7 Re2 47. Qxc6
Kg7 48. Bd8 Re6 49. Qd7+ Kg6 50. c6 Re2 51. c7 Rxg2+ 52. Kh1 Re2 53. c8=Q Re1+
54. Kh2 Re2+ 55. Kg3 Re3+ 56. Kf2 Re2+ 57. Kf1 Re5 58. Qc2+ f5 59. Qd6+ Re6 60.
Qf8 Re5 61. Qd1 0-1

[Event "ASKO Klubbmesterskap 2010"]
[Site "Oslo"]
[Date "2010.03.23"]
[Round "4"]
[White "Tveit, Geir"]
[Black "Øhman, Kjell Tage"]
[Result "1-0"]
[WhiteElo "1475"]
[BlackElo "1659"]
[PlyCount "63"]
[EventDate "2010.06.01"]

1. d4 e6 2. Bf4 Nf6 3. e3 b6 4. Nf3 Bb7 5. Bd3 Be7 6. h3 d6 7. c3 Nbd7 8. Nbd2
O-O 9. O-O c5 10. Re1 Qc7 11. Bh2 Rfe8 12. Rc1 e5 13. dxe5 dxe5 14. Nc4 Bf8 15.
a4 Qc6 16. e4 Qc7 17. Qe2 g6 18. Red1 Bh6 19. Ra1 Nh5 20. Bc2 Nf4 21. Bxf4 Bxf4
22. Nd6 Re6 23. Nxb7 Qxb7 24. Bb3 Ree8 25. Bd5 Qc7 26. Bxa8 Rxa8 27. Qd3 Nf6
28. g3 Bh6 29. g4 Bf4 30. g5 Nh5 31. Qd7 Qb8 32. Qe7 1-0